000 00349nam a2200133 a 4500
005 20140414132120.0
008 120822s19uu xx 00 eng d
050 _aTR 372.3
_bAc188 2003
245 _aActivity pages.
260 _aHunt Valley, Maryland :
_bCalvert School,
_c2003.
300 _a50
650 _aScience-activities.
999 _c115044
_d115044